| 000 | 01012nam a2200277 a 4500 | ||
|---|---|---|---|
| 001 | BRCA_3466 | ||
| 005 | 20190320204310.0 | ||
| 041 | _aeng | ||
| 044 | _aenk | ||
| 084 |
_a755 _b.D87 _c1729 |
||
| 100 | 1 |
_aDurfey, Thomas _99044 |
|
| 245 | 1 | 0 |
_aThe Comical History of Don Quixote _cWritten by Thomas Durfey. |
| 260 |
_aLondres _bJ. Darby _c1729 |
||
| 300 |
_a295 p. _c17 cm. |
||
| 500 | _aEdición : As it was Acted at the Queen´s Theatre in Dorset-Garden, by their Majesties Servant | ||
| 500 | _aEjemplar por completo igual al anterior [754]. Piel; planos orlados y lomo adornado con dorados Lúdovik Osterc | ||
| 500 | _aQMB23 | ||
| 546 | _aTexto en : inglés | ||
| 650 | 1 | 4 |
_aNovela española _yÉpoca clásica, 1500-1700 _9215 |
| 650 | 1 | 4 |
_aLiteratura española _yÉpoca clásica, 1500-1700 _9216 |
| 650 | 1 | 4 |
_aNovela española _ySiglo XVII _9217 |
| 650 | 1 | 4 |
_aDon Quijote (Personaje ficticio) _eNovela _9218 |
| 740 | 0 | _aEl Ingenioso Hidalgo Don Quijote de la Mancha | |
| 902 | _aQFM | ||
| 942 |
_2lcc _cB |
||
| 999 |
_c3202 _d3202 |
||